Регионална библиотека "Любен Каравелов" - Русе

Ефективна сетивна проекция за всеки ден (Запис номер 62616)

MARC детайли
000 -Лидер
Контролно поле с фиксирана дължина 02501nam a2200481 c 4500
003 - Код на организацията, давaща контролен номер
Контролно поле BLK
005 - Дата и час на последна редакция
Контролно поле 20250726164847.0
008 - Елементи от данни с фиксирана дължина
fixed length control field 180408b bul|||||r ||||||| ||bul||
010 ## - Наследен системен номер
LC control number KNG00066841000
020 ## - Международен стандартен номер на книга ISBN
Международен стандартен номер на книга ISBN 978-654-474-507-3
-- издат.: Кибеа
040 ## - Източник на каталожния запис
Идентификатор на билиотеката - собственик на записа BLK
041 ## - Код за език
Код за езика на текст/звукозапис или на отделно заглавие Български
Код за езика КДБФ Български
072 #7 - Код за тематичната категория
Код организация bullib
Код за тематична категория Н15
Текст Психология Н
080 ## - УДК
Текстов определител УДК Хипноза. Сугестия. - Хипнотизиране, внушение, самовнушение, автосугестия
УДК код - определител по УДК 159.962
УДК определител (02.062)
УДК - код + определител 159.962(02.062)
080 ## - УДК
Текстов определител УДК Мислене. Представа - Абстракция. Подбор. Сравнение. Размисъл. Преценка. Мнение. Умозаключение. Индукция. Дедукция. Евристика. Мислене и говорене. Рефлексия (психол.)
УДК код - определител по УДК 159.955
УДК определител (02.062)
УДК - код + определител 159.955(02.062)
080 ## - УДК
Текстов определител УДК Етика на бизнеса. Успех
УДК код - определител по УДК 174.4
УДК определител (02.062)
УДК - код + определител 174.4(02.062)
100 1# - Редна дума - Автор
Автор Силва младши, Хосе
Авторска отговорност първи автор
R(LIN) 290912
139 ## - Редно поле
Редна дума Силва, Хосе младши и др.
Авторски знак Сил - С 36
245 10 - Сведения за заглавието
Заглавие Ефективна сетивна проекция за всеки ден
Подзаглавни данни Как със силата на мисълта да постигнем успех в живота : Методът Силва
Редно поле (дума) * Хосе младши Силва; Хосе Силва младши; съавт. Ед Бернд младши; прев. от англ. Ирина Борисова Манушева.
257 ## - Страна на издаване
Страна на създаване/издаване Съединени американски щати
260 ## - Област на издателските данни
-- София
Име на издателя, разпространителя и проч. Кибеа
Година на издаване 2009
Печатница София : Инвестпрес
300 ## - Физическа характеристика
Страници 336 с.
Размери/Мащаб 20 см
380 ## - Жанр
Жанр Философия
490 1# - СЕРИИ (Колекции)
Име на серия Серия Познай себе си
500 ## - Общи забележки
Забележка Ориг. загл.Everyday ESP / Jose Silva Jr, Ed Bernd Jr.
650 #4 - Допълнително описание по предмет – тема
Основно описание – тема или топоним Самовнушение
9 (RLIN) 170150
650 #4 - Допълнително описание по предмет – тема
Основно описание – тема или топоним Автотренинг
9 (RLIN) 146436
650 #4 - Допълнително описание по предмет – тема
Основно описание – тема или топоним Мислене
9 (RLIN) 162353
650 #4 - Допълнително описание по предмет – тема
Основно описание – тема или топоним Успех
9 (RLIN) 174913
653 ## - Ключова дума – ненормативна
Ключова дума самовнушение
653 ## - Ключова дума – ненормативна
Ключова дума психометрия
653 ## - Ключова дума – ненормативна
Ключова дума сетива
659 ## - Тематичен бюлетин
Тематичен бюлетин Н
700 1# - Други автори (авторска отговорност)
Лично име Силва, Хосе младши
Автороска отговорност (Описва отношението между автора и произведението) *
9 (RLIN) 290911
700 1# - Други автори (авторска отговорност)
Лично име Бернд младши, Ед
Автороска отговорност (Описва отношението между автора и произведението) съавт.
9 (RLIN) 277842
700 1# - Други автори (авторска отговорност)
Лично име Манушева, Ирина Борисова
9 (RLIN) 368041
852 ## - Местоположение
Форматна сигнатура Цб 252418
856 4# - Електронен адрес и достъп
Електронен формат pdf - файл
Път до файла /url/
856 4# - Електронен адрес и достъп
Електронен формат pdf - файл
Път до файла /url/
942 ## - АРТИКУЛИ
Вид на библиотечния материал Книги
Скрит в OPAC Не
Koha issues (borrowed), all copies 2
944 ## - СЪЗДАВАНЕ И РЕДАКЦИЯ на ЗАПИСА
Създаване/Редакция Създаване
Дата на регистрацията/редакция 19.07.2011
Служител, извършил регистрацията/редакцията 30550
Статус, дата на статуса Кети Илиева
944 ## - СЪЗДАВАНЕ И РЕДАКЦИЯ на ЗАПИСА
Създаване/Редакция Редакция
Дата на регистрацията/редакция 25.01.2012
Служител, извършил регистрацията/редакцията
999 ## - СИСТЕМНИ КОНТРОЛНИ НОМЕРА
Koha biblionumber 62616
Koha biblioitemnumber 62616
Наличности
Код за отписване Код за изгубен артикул Код за повреда Коз за рестрикции Код за отдаване Артикулен № Име на библиотеката - собственик Име на библиотеката, в която се намира в момента Статус (Текущо местоположение) Дата на вписване в системата Местоположение - отдел Цена в лева Инвентарен номер Систематично азбучна сигнатура Баркод Номер на екземпляра Цена в евро Служебна бележка Служебен тип на артикула Източник на класификационната схема
  Не е изгубен Не е повреден без рестрикции ползва се в читалня 103991 Регионална библиотека "Любен Каравелов" Русе Регионална библиотека "Любен Каравелов" Русе Хранилище 2011-07-15 Хранилище 12.00 120000752054 Цб 252418 120000752054 1 6.14 Дост: Dp Вид: Д N: 5 Дата: 31.01.2011 Книги  
  Не е изгубен Не е повреден без рестрикции заемане за дома 103992 Регионална библиотека "Любен Каравелов" Русе Регионална библиотека "Любен Каравелов" Русе Заемна - подръчен фонд 2011-12-19 Заемна - подръчен фонд 18.00 120000755948 П 159.962/С 36 120000755948 2 9.20 Дост: Pk Вид: Ф N: 291 Дата: 15.12.2011 Дата инв: 02.02.2018 Бележки инв: П2018 Книги Universal Decimal Classification
Vip Innovations Ltd, Rousse, Bulgaria 2025